Architektúry mikroprocesorov
Guardado en:
| Autor principal: | |
|---|---|
| Formato: | Libro |
| Lenguaje: | eslovaco |
| Publicado: |
Bratislava
Alfa
1988
|
| Edición: | 1. vyd. |
| Colección: | Edícia výpočtovej techniky
|
| Etiquetas: |
Sin Etiquetas, Sea el primero en etiquetar este registro!
|
MARC
| LEADER | 00000nam a2200000 4500 | ||
|---|---|---|---|
| 001 | c024596 | ||
| 005 | 20250219094930.5 | ||
| 041 | 0 | |a slo | |
| 044 | |a SK | ||
| 245 | 1 | 0 | |a Architektúry mikroprocesorov |c Slobodan Ribarič ; [Zo srbochorvát. prel.] Ivan Burger, Ján Maász |
| 250 | |a 1. vyd. | ||
| 264 | 1 | |a Bratislava |b Alfa |c 1988 | |
| 300 | |a 535 s. | ||
| 490 | 1 | |a Edícia výpočtovej techniky | |
| 830 | 0 | |a Edícia výpočtovej techniky | |
| 100 | 1 | |a Ribarič, Slobodan | |